Normal view MARC view

Entry Topical Term

Number of records used in: 1

001 - CONTROL NUMBER

  • control field: 4433

003 - CONTROL NUMBER IDENTIFIER

  • control field: IMU CC

005 - DATE AND TIME OF LATEST TRANSACTION

  • control field: 20260223101711.0

008 - FIXED-LENGTH DATA ELEMENTS

  • fixed length control field: 260223|| aca||aabn | a|a d

040 ## - CATALOGING SOURCE

  • Description conventions: IMU CC

150 ## - HEADING--TOPICAL TERM

  • Topical term or geographic name entry element: Progress
  • General subdivision: Social aspects.
Copyright © 2024. Central Library, Indian Maritime University, Chennai Campus
Koha version: 24.05.03